000 00549nam a2200169 a 4500
001 000033638
005 20200930070414.0
008 110902s1893 xxu 000 0 spa d
040 _aDO-SdBNP
_bspa
_cBNPHU
041 1 7 _aeng
100 1 _aClarke, Richard H.
_d1827-1911
_q(Richard Henry)
_959112
245 1 0 _aOld and new lights on Columbus :
_bwith observations on controverted/ points and criticisms /
_cRichard H. Clarke.
260 _aNew York :
_bR.H. Clarke,
_c1893.
300 _a600 p. ;
_c26 cm.
500 _aIncluye índice
049 _aBNPD
999 _c33129
_d33129